00738cam a22002293a 45000010005000000030006000050050017000110080041000280400015000690420007000840500007000911000042000982450077001402600029002175060030002465160020002766530030002966530039003266530074003658300028004398560041004675006PGUSA20140828083112.0040201s2004||||xxu|||||s|||||000 1 eng d aPGUSAbeng adc 4aPS1 aNorris, Kathleen Thompson,d1880-196610aHarriet and the Piperh[electronic resource] /cKathleen Thompson Norris bProject Gutenberg,c2004 aPublic domain in the USA. aElectronic text aMarried people -- Fiction aMan-woman relationships -- Fiction aNew York (N.Y.) -- Social life and customs -- 20th century -- Fiction 0aProject Gutenbergv500640uhttp://www.gutenberg.org/ebooks/5006